00372nam a2200121Ia 4500008004100000020002200041041000800063082002400071100003200095245006400127260005100191300000800242230519s9999 xx 000 0 und d a978-81-945234-4-4 aeng aM/616.01/ARO/DB0821 aArora D R & Arora Brij Bala aEssentials of Applied Microbiology for BSc Nursing Students bCBS Publishers & DistributorsaNew Delhic2020 a342